An introduction geography and history Material for students of geography and history. For internal use only
Đã lưu trong:
| Hovedforfatter: | |
|---|---|
| Andre forfattere: | |
| Format: | Bog |
| Sprog: | English |
| Udgivet: |
Đồng Tháp
[kxd]
2004
|
| Fag: | |
| Tags: |
Tilføj Tag
Ingen Tags, Vær først til at tagge denne postø!
|
| Thư viện lưu trữ: | Trung tâm Học liệu Lê Vũ Hùng, Trường Đại học Đồng Tháp |
|---|
| LEADER | 00901pam a22002538a 4500 | ||
|---|---|---|---|
| 001 | 00041731 | ||
| 005 | 20180709080723.0 | ||
| 008 | 110813s2002 ||||||engsd | ||
| 041 | 0 | # | |a eng |
| 082 | 1 | 4 | |a 910.71 |b A105I |
| 100 | 0 | # | |a Huynh, Thi Nhi |
| 245 | 0 | 0 | |a An introduction geography and history |b Material for students of geography and history. For internal use only |c Huynh Thi Nhi, Huynh Cam Thao Trang |
| 260 | # | # | |a Đồng Tháp |b [kxd] |c 2004 |
| 300 | # | # | |a 112 p. |c 27cm. |
| 500 | # | # | |a ĐTTS ghi: Pedagogical university of Dong Thap department of foreign language |
| 653 | # | # | |a Chuyên ngành |
| 653 | # | # | |a Địa lí |
| 653 | # | # | |a Tự học |
| 653 | # | # | |a Lịch sử |
| 653 | # | # | |a Tiếng Anh |
| 700 | 1 | # | |a Huynh, Cam Thao Trang |
| 852 | # | # | |j KD.0024532 |j KGT.0054507 |
| 910 | |d 09/07/2018 | ||
| 980 | # | # | |a Trung tâm Học liệu Lê Vũ Hùng, Trường Đại học Đồng Tháp |